Detalles MARC
| 000 -CABECERA |
| campo de control de longitud fija |
01349nam a2200289 i 4500 |
| 001 - NÚMERO DE CONTROL |
| campo de control |
000034123 |
| 003 - IDENTIFICADOR DEL NÚMERO DE CONTROL |
| campo de control |
DO-SdBNP |
| 005 - FECHA Y HORA DE LA ÚLTIMA TRANSACCIÓN |
| campo de control |
20241028103728.0 |
| 007 - CAMPO FIJO DE DESCRIPCIÓN FÍSICA--INFORMACIÓN GENERAL |
| campo de control de longitud fija |
ta |
| 008 - DATOS DE LONGITUD FIJA--INFORMACIÓN GENERAL |
| campo de control de longitud fija |
110926s1960 dr 000 0 spa d |
| 040 ## - FUENTE DE LA CATALOGACIÓN |
| Centro catalogador/agencia de origen |
DO-SdBNP |
| Lengua de catalogación |
spa |
| Centro/agencia transcriptor |
BNPHU |
| Normas de descripción |
rda |
| 082 ## - NÚMERO DE LA CLASIFICACIÓN DECIMAL DEWEY |
| Número de clasificación |
xxx |
| Número de documento/Ítem |
C744s |
| Número de edición |
22 |
| 100 1# - ENTRADA PRINCIPAL--NOMBRE DE PERSONA |
| Código de función/relación |
aut. |
| Nombre de persona |
Concepción, J. Agustín |
| 9 (RLIN) |
22539 |
| Término indicativo de función/relación |
autor |
| 245 10 - MENCIÓN DE TÍTULO |
| Título |
Síntesis histórica del municipio de Santiago Rodríguez / |
| Mención de responsabilidad, etc. |
J. Agustín Concepción. |
| 264 #1 - PRODUCCIÓN, PUBLICACIÓN, DISTRIBUCIÓN, FABRICACIÓN Y COPYRIGHT |
| Producción, publicación, distribución, fabricación y copyright |
Ciudad Trujillo, República Dominicana : |
| Nombre del de productor, editor, distribuidor, fabricante |
Impresora dominicana, |
| Fecha de producción, publicación, distribución, fabricación o copyright |
1960. |
| 300 ## - DESCRIPCIÓN FÍSICA |
| Extensión |
126 páginas |
| Dimensiones |
24 cm. |
| 336 ## - TIPO DE CONTENIDO |
| Término de tipo de contenido |
texto |
| Código de tipo de contenido |
txt |
| Fuente |
rdacontent |
| 337 ## - TIPO DE MEDIO |
| Nombre/término del tipo de medio |
sin mediación |
| Código del tipo de medio |
n |
| Fuente |
rdamedia |
| 338 ## - TIPO DE SOPORTE |
| Nombre/término del tipo de soporte |
volumen |
| Código del tipo de soporte |
nc |
| Fuente |
rdacarrier |
| 490 1# - MENCIÓN DE SERIE |
| Mención de serie |
Volúmenes históricos de 12 municipios dominicanos |
| 500 ## - NOTA GENERAL |
| Nota general |
Colección de 15 volúmenes que su autor prepara con los auspicios de la Liga Municipal Dominicana, como una contribución del superior gobierno a la celebración del primer centenario de la Restauración Nacional. |
| 500 ## - NOTA GENERAL |
| Nota general |
Volúmenes publicados: <br/>Constanza (edición agotada)<br/>Síntesis histórica del Municipio de Santiago Rodriguez |
| 500 ## - NOTA GENERAL |
| Nota general |
Próximos a publicarse:<br/>Un siglo de vida Ocoeña<br/>Bosquejo histórico de Jarabacoa<br/>Manzanillo - Pepillo Salcedo - Puerto Libertador |
| 590 ## - NOTA LOCAL (RLIN) |
| Nota local |
Inventariado, 2024/ YL |
| 910 ## - DATOS DE OPCIÓN DEL USUARIO (OCLC) |
| Datos de opción del usuario |
YLockward |
| 942 ## - ELEMENTOS DE PUNTO DE ACCESO ADICIONAL (KOHA) |
| Fuente del sistema de clasificación o colocación |
Dewey Decimal Classification |
| Tipo de ítem Koha |
Libro |